| 000 | 00910nam a2200241 a 4500 | ||
|---|---|---|---|
| 001 | 60425 | ||
| 003 | BD-RjUL | ||
| 005 | 20211209080834.0 | ||
| 008 | 161231s1966 sz 10000 eng d | ||
| 035 | _a(BD-RjUL)60549 | ||
| 040 |
_dCStRLIN _dCU-A _dBD-RjUL _aBD-RjUL _beng _cBD-RjUL |
||
| 041 | _aeng | ||
| 082 |
_a370.7 _223 _bINO 1966 |
||
| 110 | 2 | 0 |
_aInternational Bureau of Education. _9179821 |
| 245 | 1 | 4 |
_aThe organization of educational research : _bcomparative education study / _cInternational Bureau of Education |
| 260 | 1 |
_aGeneva ; _aParis : _bInternational Bureau of Education ; _bUnesco, _cc1966 |
|
| 300 |
_axlix, 171 p. ; _c24 cm. |
||
| 490 | 1 |
_aPublication / International Bureau of Education ; _vno. 288. |
|
| 650 | 0 |
_aEducation _xResearch. _9179744 |
|
| 650 | 0 |
_aEducation _vCongresses. _9179822 |
|
| 830 | 0 |
_aPublication (International Bureau of Education) ; _vno. 288. _9181172 |
|
| 942 |
_2ddc _cBK |
||
| 999 |
_c60425 _d60425 |
||